[Event "Madrid-chT 2223"]
[Site "Madrid"]
[Date "2023.02.11"]
[Round "9.5"]
[White "Fuentes Perez, Noe"]
[Black "Suarez Uriel, Adrian"]
[Result "0-1"]
[WhiteElo "1990"]
[BlackElo "2373"]
[PlyCount "120"]
[EventDate "2022.11.20"]
[EventType "team-tourn"]
[EventRounds "14"]
[EventCountry "ESP"]
[SourceTitle "Ajedrez en Madrid"]
[Source "lmi"]
[SourceDate "2022.11.21"]
[SourceVersion "1"]
[SourceVersionDate "2023.03.23"]
[SourceQuality "1"]
[WhiteTeam "Villalba 64"]
[BlackTeam "Collado Villalba"]
[WhiteTeamCountry "ESP"]
[BlackTeamCountry "ESP"]

1. e4 c5 2. Nf3 d6 3. d4 cxd4 4. Nxd4 Nf6 5. Nc3 a6 6. Bc4 e6 7. Bb3 Nbd7 8. f4
Nc5 9. f5 Be7 10. O-O O-O 11. Qf3 Qc7 12. g4 d5 13. exd5 Nxb3 14. axb3 Bc5 15.
Be3 Qe5 16. Kh1 exf5 17. Nxf5 Bxf5 18. Bf4 Qxc3 19. Qxc3 Be4+ 20. Rf3 Nxd5 21.
Qxc5 Bxf3+ 22. Kg1 Nxf4 23. Qf5 Ne2+ 24. Kf2 Nd4 25. Qf4 Nxc2 26. Rc1 Bd5 27.
Rxc2 Bxb3 28. Rc3 Be6 29. h4 Rac8 30. Rxc8 Rxc8 31. Qd4 h6 32. g5 hxg5 33. hxg5
g6 34. Qf6 b5 35. Ke3 a5 36. Qe5 Bc4 37. Kd4 Rd8+ 38. Kc3 Rd5 39. Qf6 Rd3+ 40.
Kc2 b4 41. b3 Rc3+ 42. Kd2 Rxb3 43. Qd8+ Kh7 44. Qxa5 Rd3+ 45. Kc2 b3+ 46. Kb2
Rg3 47. Qd2 Be6 48. Qh2+ Rh3 49. Qf4 Rh1 50. Qg3 Rh3 51. Qd6 Re3 52. Qh2+ Kg8
53. Qd2 Re4 54. Qd8+ Kh7 55. Qd3 Ra4 56. Qg3 Ra2+ 57. Kc3 Rc2+ 58. Kb4 b2 59.
Qg1 Kg8 60. Qb1 Bf5 0-1

[Event "Madrid-chT 2223"]
[Site "Madrid"]
[Date "2023.02.11"]
[Round "9.6"]
[White "Quispe Arteaga, Gabriel"]
[Black "Suarez Paz, Alfonso"]
[Result "1-0"]
[WhiteElo "2377"]
[BlackElo "1787"]
[PlyCount "73"]
[EventDate "2022.11.20"]
[EventType "team-tourn"]
[EventRounds "14"]
[EventCountry "ESP"]
[SourceTitle "Ajedrez en Madrid"]
[Source "lmi"]
[SourceDate "2022.11.21"]
[SourceVersion "1"]
[SourceVersionDate "2023.03.23"]
[SourceQuality "1"]
[WhiteTeam "Collado Villalba"]
[BlackTeam "Villalba 64"]
[WhiteTeamCountry "ESP"]
[BlackTeamCountry "ESP"]

1. c4 Nf6 2. Nc3 d5 3. cxd5 Nxd5 4. Nf3 Nf6 5. d4 e6 6. e4 Be7 7. Be3 O-O 8. h3
Nbd7 9. Qc2 c6 10. g4 Qc7 11. e5 Nd5 12. Nxd5 exd5 13. Bd3 Bb4+ 14. Kf1 h6 15.
g5 hxg5 16. Nxg5 Nxe5 17. dxe5 Qxe5 18. h4 f6 19. Nf3 Qh5 20. Nd4 c5 21. Bg6
Qg4 22. Bf5 Bxf5 23. Qxf5 Qxf5 24. Nxf5 d4 25. Bf4 a6 26. Rg1 Rf7 27. Nh6+ Kf8
28. Bd6+ Ke8 29. Nxf7 Kxf7 30. a3 Ba5 31. Bxc5 Rd8 32. Rd1 d3 33. Rg3 d2 34.
Bb4 Bc7 35. Rxd2 Rxd2 36. Bxd2 Bxg3 37. fxg3 1-0

[Event "Madrid-chT 2223"]
[Site "Madrid"]
[Date "2023.02.18"]
[Round "10.1"]
[White "Martinez Reyes, Pedro Ramon"]
[Black "Moreno Trujillo, Alejandro"]
[Result "1/2-1/2"]
[WhiteElo "2384"]
[BlackElo "2498"]
[PlyCount "117"]
[EventDate "2022.11.20"]
[EventType "team-tourn"]
[EventRounds "14"]
[EventCountry "ESP"]
[SourceTitle "Ajedrez en Madrid"]
[Source "lmi"]
[SourceDate "2022.11.21"]
[SourceVersion "1"]
[SourceVersionDate "2023.03.23"]
[SourceQuality "1"]
[WhiteTeam "Blanco y Negro"]
[BlackTeam "Villalba 64"]
[WhiteTeamCountry "ESP"]
[BlackTeamCountry "ESP"]

1. e4 e6 2. d4 d5 3. Nc3 Nf6 4. e5 Nfd7 5. f4 c5 6. Nf3 Nc6 7. Be3 Be7 8. Qd2
O-O 9. dxc5 Qa5 10. O-O-O b6 11. Bb5 Nb4 12. a3 bxc5 13. Kb1 Rb8 14. Bxd7 Bxd7
15. axb4 cxb4 16. Nxd5 exd5 17. Qxd5 Qxd5 18. Rxd5 Bc6 19. Ra5 Rfc8 20. Rxa7
Bf8 21. Nd2 Bxg2 22. Rc1 Rc6 23. b3 Rc3 24. Bd4 Rh3 25. Nc4 Rxh2 26. f5 Rd8 27.
e6 fxe6 28. Be5 Rh1 29. Rxh1 Bxh1 30. f6 gxf6 31. Bxf6 Rd1+ 32. Kb2 Rf1 33. Bd4
Rf7 34. Ra1 Be4 35. Rg1+ Bg6 36. c3 bxc3+ 37. Kxc3 Rf3+ 38. Kb2 Rd3 39. Bc3 Bc5
40. Rg2 Rf3 41. Ne5 Rf2+ 42. Rxf2 Bxf2 43. Nxg6 hxg6 44. Kc2 Kf7 45. Kd3 g5 46.
Ke2 Bg3 47. Kf3 Bf4 48. Kg4 Ke7 49. b4 Kd6 50. Bf6 Bd2 51. Bxg5 Bxb4 52. Kf3
Kd5 53. Bf6 Bc5 54. Ke2 Bd4 55. Bd8 e5 56. Bf6 e4 57. Bxd4 Kxd4 58. Kd2 e3+ 59.
Ke2 1/2-1/2

[Event "Madrid-chT 2223"]
[Site "Madrid"]
[Date "2023.02.18"]
[Round "10.2"]
[White "Valles Moreno, Ivan"]
[Black "Taboas Rodriguez, Daniel"]
[Result "0-1"]
[WhiteElo "2341"]
[BlackElo "2368"]
[PlyCount "180"]
[EventDate "2022.11.20"]
[EventType "team-tourn"]
[EventRounds "14"]
[EventCountry "ESP"]
[SourceTitle "Ajedrez en Madrid"]
[Source "lmi"]
[SourceDate "2022.11.21"]
[SourceVersion "1"]
[SourceVersionDate "2023.03.23"]
[SourceQuality "1"]
[WhiteTeam "Villalba 64"]
[BlackTeam "Blanco y Negro"]
[WhiteTeamCountry "ESP"]
[BlackTeamCountry "ESP"]

1. e4 e5 2. Nf3 Nc6 3. Bb5 Nf6 4. O-O Nxe4 5. Re1 Nd6 6. a4 Be7 7. Nc3 O-O 8.
d4 e4 9. Nxe4 Nxe4 10. Rxe4 a6 11. Bf1 d5 12. Re1 Bg4 13. c3 Bd6 14. h3 Bh5 15.
a5 Ne7 16. g3 c6 17. Bg2 Qc7 18. b3 Rae8 19. Bd2 c5 20. dxc5 Qxc5 21. Qe2 Qc8
22. Qf1 Nc6 23. Be3 Bg6 24. Nd2 Be5 25. Rac1 Qd7 26. Bc5 Bd6 27. Bb6 d4 28.
cxd4 Bb4 29. Red1 Nxa5 30. Bxa5 Bxa5 31. Nc4 Bb4 32. Ne5 Qe7 33. Qc4 Rd8 34. g4
Ba3 35. Rc3 b5 36. Qf1 Qb4 37. Re3 Rxd4 38. Ra1 Qd6 39. Nc6 Rd2 40. Rae1 Bd3
41. Rxd3 Qxd3 42. Qxd3 Rxd3 43. b4 h6 44. h4 Rc3 45. Re7 Rc4 46. Bf3 Bxb4 47.
Ra7 a5 48. Kg2 Rc8 49. Ne5 R4c7 50. Ra6 Bc3 51. Nc6 a4 52. Bd5 a3 53. Na7 Rb8
54. Nc6 Rxc6 55. Rxc6 b4 56. Bb3 Ra8 57. Ba2 Bf6 58. Rb6 Be7 59. Rb7 Kf8 60.
Kf3 g6 61. Ke2 Rc8 62. Kd1 Rd8+ 63. Kc2 Rd4 64. Rb8+ Kg7 65. Rb7 Kf8 66. Rb8+
Rd8 67. Rb7 Rc8+ 68. Kd1 f5 69. h5 gxh5 70. gxf5 Rd8+ 71. Ke2 Rc8 72. Be6 Rc2+
73. Ke3 Bc5+ 74. Ke4 Rxf2 75. Bc4 Bd6 76. Kd5 Rf4 77. Bb3 Be7 78. Ke5 Bg5 79.
Rb8+ Ke7 80. Bd5 Kd7 81. Rb7+ Kc8 82. Ra7 Rf2 83. Ra4 Re2+ 84. Kd4 Rd2+ 85. Ke5
Re2+ 86. Kd4 Bf6+ 87. Kc4 a2 88. Ra8+ Kc7 89. Ra7+ Kb6 90. Rb7+ Ka6 0-1

[Event "Madrid-chT 2223"]
[Site "Madrid"]
[Date "2023.02.18"]
[Round "10.3"]
[White "Hidalgo Duque, Carlos"]
[Black "Adan Bermudez, Sergio"]
[Result "1-0"]
[WhiteElo "2236"]
[BlackElo "2344"]
[PlyCount "69"]
[EventDate "2022.11.20"]
[EventType "team-tourn"]
[EventRounds "14"]
[EventCountry "ESP"]
[SourceTitle "Ajedrez en Madrid"]
[Source "lmi"]
[SourceDate "2022.11.21"]
[SourceVersion "1"]
[SourceVersionDate "2023.03.23"]
[SourceQuality "1"]
[WhiteTeam "Blanco y Negro"]
[BlackTeam "Villalba 64"]
[WhiteTeamCountry "ESP"]
[BlackTeamCountry "ESP"]

1. Nf3 c5 2. c4 Nc6 3. d4 cxd4 4. Nxd4 e5 5. Nb5 d6 6. g3 Be6 7. N1a3 Nf6 8.
Bg2 Rc8 9. Nc3 Be7 10. O-O O-O 11. Bg5 Nd7 12. Bxe7 Qxe7 13. Nab5 Nb6 14. Qxd6
Qg5 15. Ne4 Qg6 16. Nxa7 Nxc4 17. Nxc6 Rxc6 18. Qe7 Rfc8 19. b3 R6c7 20. Qb4
Bd5 21. Nf6+ Qxf6 22. Bxd5 Nd6 23. Rad1 h5 24. a4 Nf5 25. e3 h4 26. Rd2 hxg3
27. hxg3 Rc1 28. Rdd1 R1c2 29. Be4 Nxg3 30. fxg3 Qh6 31. Bxc2 Qxe3+ 32. Kh1
Rxc2 33. Rd8+ Kh7 34. Qh4+ Kg6 35. Qg4+ 1-0

[Event "Madrid-chT 2223"]
[Site "Madrid"]
[Date "2023.02.18"]
[Round "10.4"]
[White "Guerrero Vargas, Andres Jesus"]
[Black "Alarcia Astiz, Carlos"]
[Result "1-0"]
[WhiteElo "2345"]
[BlackElo "2259"]
[PlyCount "63"]
[EventDate "2022.11.20"]
[EventType "team-tourn"]
[EventRounds "14"]
[EventCountry "ESP"]
[SourceTitle "Ajedrez en Madrid"]
[Source "lmi"]
[SourceDate "2022.11.21"]
[SourceVersion "1"]
[SourceVersionDate "2023.03.23"]
[SourceQuality "1"]
[WhiteTeam "Villalba 64"]
[BlackTeam "Blanco y Negro"]
[WhiteTeamCountry "ESP"]
[BlackTeamCountry "ESP"]

1. Nf3 Nf6 2. c4 e6 3. g3 d5 4. Bg2 Be7 5. d4 O-O 6. b3 b6 7. O-O Bb7 8. Nbd2
Nbd7 9. Bb2 Rc8 10. cxd5 exd5 11. Ne5 c5 12. Rc1 cxd4 13. Bxd4 Rxc1 14. Qxc1
Nxe5 15. Bxe5 Ba6 16. Qc6 Bxe2 17. Re1 Bg4 18. Bc7 Qe8 19. Qb7 Be6 20. Qxa7 Qa8
21. Qxb6 Qxa2 22. Bf4 Qc2 23. b4 Qc3 24. Rxe6 fxe6 25. Qxe6+ Rf7 26. b5 Bc5 27.
b6 Qd4 28. Be3 Qa1+ 29. Bf1 Bxe3 30. fxe3 Qb2 31. Nc4 dxc4 32. Qc8+ 1-0

[Event "Madrid-chT 2223"]
[Site "Madrid"]
[Date "2023.02.18"]
[Round "10.5"]
[White "Cubillo Muñoz, Miguel"]
[Black "Sanchez Gonzalez, Sergio"]
[Result "1/2-1/2"]
[WhiteElo "2151"]
[BlackElo "2276"]
[PlyCount "31"]
[EventDate "2022.11.20"]
[EventType "team-tourn"]
[EventRounds "14"]
[EventCountry "ESP"]
[SourceTitle "Ajedrez en Madrid"]
[Source "lmi"]
[SourceDate "2022.11.21"]
[SourceVersion "1"]
[SourceVersionDate "2023.03.23"]
[SourceQuality "1"]
[WhiteTeam "Blanco y Negro"]
[BlackTeam "Villalba 64"]
[WhiteTeamCountry "ESP"]
[BlackTeamCountry "ESP"]

1. e4 c5 2. Nf3 e6 3. b3 a6 4. Bb2 d6 5. g3 Nf6 6. Qe2 Nc6 7. Bg2 Be7 8. O-O
O-O 9. d4 cxd4 10. Nxd4 e5 11. Nxc6 bxc6 12. Rd1 Qb6 13. Nd2 Be6 14. Nf1 a5 15.
a4 Rac8 16. Ne3 1/2-1/2

[Event "Madrid-chT 2223"]
[Site "Madrid"]
[Date "2023.02.18"]
[Round "10.6"]
[White "Lopez del Alamo, Antonio"]
[Black "Perez Diez, Victor"]
[Result "1-0"]
[WhiteElo "2275"]
[BlackElo "2011"]
[PlyCount "87"]
[EventDate "2022.11.20"]
[EventType "team-tourn"]
[EventRounds "14"]
[EventCountry "ESP"]
[SourceTitle "Ajedrez en Madrid"]
[Source "lmi"]
[SourceDate "2022.11.21"]
[SourceVersion "1"]
[SourceVersionDate "2023.03.23"]
[SourceQuality "1"]
[WhiteTeam "Villalba 64"]
[BlackTeam "Blanco y Negro"]
[WhiteTeamCountry "ESP"]
[BlackTeamCountry "ESP"]

1. e4 c5 2. Nf3 g6 3. d4 cxd4 4. Nxd4 Nc6 5. Nc3 Nf6 6. Nf3 Bg7 7. Bc4 Qa5 8.
O-O O-O 9. Re1 d6 10. h3 Nd7 11. Bd2 Nde5 12. Bb3 Nxf3+ 13. Qxf3 Nd4 14. Qd3
Qh5 15. Nd5 e6 16. Ne7+ Kh8 17. Nxc8 Nxb3 18. axb3 Rfxc8 19. c3 d5 20. Be3 dxe4
21. Qxe4 Qb5 22. Qa4 Qxa4 23. Rxa4 a6 24. b4 Rd8 25. Rea1 Rd5 26. c4 Rd3 27. b5
Rc8 28. bxa6 bxa6 29. c5 Bxb2 30. Rb1 Be5 31. Rxa6 Rc3 32. g4 Rc7 33. g5 Kg7
34. Ra8 f6 35. h4 Rc4 36. Rbb8 Rxh4 37. f4 Bxf4 38. Rg8+ Kf7 39. Raf8+ Ke7 40.
gxf6+ Kd7 41. Bf2 Rg4+ 42. Kf1 Bh6 43. Rb8 Rf4 44. Rgd8+ 1-0

[Event "Madrid-chT 2223"]
[Site "Madrid"]
[Date "2023.02.19"]
[Round "10.1"]
[White "Vazquez Igarza, Renier"]
[Black "Garcia Luengo, Leandro"]
[Result "1/2-1/2"]
[WhiteElo "2544"]
[BlackElo "2278"]
[PlyCount "79"]
[EventDate "2022.11.20"]
[EventType "team-tourn"]
[EventRounds "14"]
[EventCountry "ESP"]
[SourceTitle "Ajedrez en Madrid"]
[Source "lmi"]
[SourceDate "2022.11.21"]
[SourceVersion "1"]
[SourceVersionDate "2023.03.23"]
[SourceQuality "1"]
[WhiteTeam "Collado Villalba"]
[BlackTeam "San Fernando de Henares"]
[WhiteTeamCountry "ESP"]
[BlackTeamCountry "ESP"]

1. Nf3 f5 2. g3 Nf6 3. Bg2 g6 4. c3 Bg7 5. Qb3 e6 6. d4 O-O 7. O-O Nc6 8. Bg5
h6 9. Bxf6 Bxf6 10. Nbd2 d5 11. e3 Ne7 12. c4 c6 13. Ne5 b6 14. cxd5 cxd5 15.
Rfc1 Qd6 16. Qc3 Ba6 17. Qc7 Bxe5 18. dxe5 Qxc7 19. Rxc7 Kf7 20. Bf1 Bxf1 21.
Kxf1 Rfc8 22. Rac1 Ke8 23. Nf3 Kd8 24. R7c3 Rxc3 25. Rxc3 Rc8 26. Rxc8+ Kxc8
27. Nd4 Kd7 28. f4 a6 29. h3 Nc6 30. Nf3 Nb4 31. a3 Nd3 32. b3 Nc5 33. Nd4 Ne4
34. g4 Nc3 35. a4 a5 36. Kg2 Ne4 37. Kf3 Ke7 38. Nc6+ Kd7 39. Nd4 Ke7 40. Nc6+
1/2-1/2

[Event "Madrid-chT 2223"]
[Site "Madrid"]
[Date "2023.02.19"]
[Round "10.2"]
[White "Perez Gonzalez, Jose Manuel"]
[Black "Alonso Garcia, Aaron"]
[Result "0-1"]
[WhiteElo "2212"]
[BlackElo "2424"]
[PlyCount "172"]
[EventDate "2022.11.20"]
[EventType "team-tourn"]
[EventRounds "14"]
[EventCountry "ESP"]
[SourceTitle "Ajedrez en Madrid"]
[Source "lmi"]
[SourceDate "2022.11.21"]
[SourceVersion "1"]
[SourceVersionDate "2023.03.23"]
[SourceQuality "1"]
[WhiteTeam "San Fernando de Henares"]
[BlackTeam "Collado Villalba"]
[WhiteTeamCountry "ESP"]
[BlackTeamCountry "ESP"]

1. e4 c5 2. Nf3 e6 3. c3 Nf6 4. e5 Nd5 5. g3 d6 6. exd6 Bxd6 7. Bg2 Nc6 8. d4
O-O 9. O-O h6 10. c4 Nb6 11. dxc5 Bxc5 12. Qe2 Nd4 13. Nxd4 Qxd4 14. Nd2 Be7
15. Rb1 Rd8 16. b3 Qd3 17. Qxd3 Rxd3 18. Nf3 Bf6 19. Be3 Rd8 20. Rfd1 Bd7 21.
Nd2 Bc6 22. Bxc6 bxc6 23. Ne4 Be7 24. Bc5 Kf8 25. Kf1 Nd7 26. Bxe7+ Kxe7 27.
Ke2 f5 28. Nc3 g5 29. Rd2 Ne5 30. Rbd1 Rxd2+ 31. Rxd2 g4 32. h3 h5 33. hxg4
hxg4 34. Ke3 Rh8 35. Rd1 a5 36. Ne2 a4 37. c5 axb3 38. axb3 Nf3 39. Nd4 Nxd4
40. Rxd4 Rh1 41. Rd6 Rb1 42. Rxc6 Rxb3+ 43. Ke2 Rb2+ 44. Ke3 Rc2 45. Rc7+ Kf6
46. Rc8 Ke5 47. Rc6 Ra2 48. Rb6 Ra5 49. Rc6 Ra4 50. Rd6 Rc4 51. Rc6 Re4+ 52.
Kd3 Kd5 53. Rc8 Rd4+ 54. Ke3 Rc4 55. Rd8+ Kxc5 56. Rd7 Re4+ 57. Kd3 Kc6 58. Rg7
Ra4 59. Ke2 Kd5 60. Rd7+ Ke4 61. Rd2 e5 62. Rb2 Rc4 63. Ra2 Kd4 64. Rb2 Kc3 65.
Ra2 f4 66. gxf4 exf4 67. Ra8 Re4+ 68. Kf1 f3 69. Ra1 Rc4 70. Ke1 Kd3 71. Rd1+
Ke4 72. Ra1 Kf4 73. Ra8 Rc5 74. Ra4+ Kg5 75. Ra8 Kh4 76. Rh8+ Rh5 77. Re8 Rd5
78. Rh8+ Kg5 79. Rg8+ Kf4 80. Rf8+ Ke4 81. Ra8 Rd4 82. Ra1 Rb4 83. Kf1 Kf4 84.
Kg1 g3 85. fxg3+ Kxg3 86. Rf1 Rh4 0-1

[Event "Madrid-chT 2223"]
[Site "Madrid"]
[Date "2023.02.19"]
[Round "10.3"]
[White "Martin Duque, Jesus"]
[Black "Garrido Olivares, Ricard"]
[Result "1/2-1/2"]
[WhiteElo "2379"]
[BlackElo "2186"]
[PlyCount "75"]
[EventDate "2022.11.20"]
[EventType "team-tourn"]
[EventRounds "14"]
[EventCountry "ESP"]
[SourceTitle "Ajedrez en Madrid"]
[Source "lmi"]
[SourceDate "2022.11.21"]
[SourceVersion "1"]
[SourceVersionDate "2023.03.23"]
[SourceQuality "1"]
[WhiteTeam "Collado Villalba"]
[BlackTeam "San Fernando de Henares"]
[WhiteTeamCountry "ESP"]
[BlackTeamCountry "ESP"]

1. Nf3 d5 2. b3 Nf6 3. Bb2 e6 4. e3 Be7 5. c4 O-O 6. Nc3 c5 7. cxd5 Nxd5 8. Qc2
Nc6 9. h4 Nxc3 10. dxc3 Bf6 11. Bd3 g6 12. h5 Qe7 13. O-O-O e5 14. Be4 Bg4 15.
Rdg1 Rfc8 16. Nd2 Bg7 17. Kb1 b5 18. f3 Be6 19. g4 c4 20. Bf5 cxb3 21. axb3 Nb4
22. Qe4 Nd5 23. Bxe6 Qxe6 24. hxg6 hxg6 25. Rc1 a5 26. c4 bxc4 27. Nxc4 Nb6 28.
Rhd1 Nxc4 29. Rxc4 Rcb8 30. Rd3 Ra6 31. g5 Rab6 32. Kc2 Qh3 33. f4 Qh2+ 34. Rd2
Qg1 35. Rd1 Qf2+ 36. Rd2 Qg1 37. Rd1 Qf2+ 38. Rd2 1/2-1/2

[Event "Madrid-chT 2223"]
[Site "Madrid"]
[Date "2023.02.19"]
[Round "10.4"]
[White "Nuñez Miranda, Adrian"]
[Black "Suarez Uriel, Adrian"]
[Result "0-1"]
[WhiteElo "2149"]
[BlackElo "2373"]
[PlyCount "118"]
[EventDate "2022.11.20"]
[EventType "team-tourn"]
[EventRounds "14"]
[EventCountry "ESP"]
[SourceTitle "Ajedrez en Madrid"]
[Source "lmi"]
[SourceDate "2022.11.21"]
[SourceVersion "1"]
[SourceVersionDate "2023.03.23"]
[SourceQuality "1"]
[WhiteTeam "San Fernando de Henares"]
[BlackTeam "Collado Villalba"]
[WhiteTeamCountry "ESP"]
[BlackTeamCountry "ESP"]

1. e4 c5 2. d4 cxd4 3. c3 dxc3 4. Nxc3 Nc6 5. Nf3 e6 6. Bc4 Bb4 7. O-O Nge7 8.
Qc2 Ng6 9. Rd1 a6 10. Be3 O-O 11. Bf1 Ba5 12. Na4 d6 13. Nd2 Nge5 14. Nb3 Bc7
15. Rac1 Ng4 16. Bf4 e5 17. Bg3 h5 18. h4 Qf6 19. Nc3 Nb4 20. Qd2 Bb6 21. a3
Be6 22. Na1 Nc6 23. Nc2 Rac8 24. Ne3 Nxe3 25. fxe3 Na5 26. Qf2 Qh6 27. Re1 Nb3
28. Rcd1 Rfd8 29. Rd3 Ba5 30. Red1 Nc5 31. Rxd6 Rxd6 32. Rxd6 Bxc3 33. Qc2 Bxb2
34. Qxb2 Nxe4 35. Rxe6 Qxe6 36. Bxe5 Qg4 37. Be2 Qxh4 38. Bf3 Qe1+ 39. Kh2 Rc1
40. g3 Qg1+ 41. Kh3 Ng5+ 42. Kh4 Nxf3+ 43. Kxh5 Qh2+ 44. Kg4 f5+ 45. Kf4 Qxb2
46. Bxb2 Rf1 47. Kxf5 Kf7 48. a4 Rf2 49. Ba1 Ra2 50. Bc3 Rxa4 51. e4 Rc4 52.
Ba1 Nd4+ 53. Ke5 Nb3 54. Bb2 Nd2 55. g4 Rxe4+ 56. Kf5 g6+ 57. Kg5 Nf3+ 58. Kh6
Re2 59. Be5 Rxe5 0-1

[Event "Madrid-chT 2223"]
[Site "Madrid"]
[Date "2023.02.19"]
[Round "10.5"]
[White "Quispe Arteaga, Gabriel"]
[Black "Armesto Robledo, Sebastian Carlos"]
[Result "1-0"]
[WhiteElo "2377"]
[BlackElo "1902"]
[PlyCount "59"]
[EventDate "2022.11.20"]
[EventType "team-tourn"]
[EventRounds "14"]
[EventCountry "ESP"]
[SourceTitle "Ajedrez en Madrid"]
[Source "lmi"]
[SourceDate "2022.11.21"]
[SourceVersion "1"]
[SourceVersionDate "2023.03.23"]
[SourceQuality "1"]
[WhiteTeam "Collado Villalba"]
[BlackTeam "San Fernando de Henares"]
[WhiteTeamCountry "ESP"]
[BlackTeamCountry "ESP"]

1. c4 Nf6 2. Nc3 e6 3. e4 Nc6 4. Nf3 Bb4 5. e5 Bxc3 6. bxc3 Ng8 7. d4 d6 8. Bd3
dxe5 9. dxe5 Nge7 10. O-O Ng6 11. Bg5 Qd7 12. Qe2 h6 13. Bc1 Qe7 14. a4 Na5 15.
Nd4 a6 16. Rb1 Qc5 17. f4 Bd7 18. Qa2 Qe7 19. Ba3 c5 20. Qf2 Rc8 21. Rbe1 Qd8
22. f5 exf5 23. e6 O-O 24. exd7 Qxd7 25. Bxf5 Qxa4 26. Bxc8 Qxa3 27. Nc2 Qxc3
28. Bf5 Ne5 29. Qxc5 Nexc4 30. Qb4 1-0

[Event "Madrid-chT 2223"]
[Site "Madrid"]
[Date "2023.02.19"]
[Round "10.1"]
[White "Plazuelo Pascual, Juan"]
[Black "Candela Perez, Jose"]
[Result "1-0"]
[WhiteElo "2453"]
[BlackElo "2307"]
[PlyCount "61"]
[EventDate "2022.11.20"]
[EventType "team-tourn"]
[EventRounds "14"]
[EventCountry "ESP"]
[SourceTitle "Ajedrez en Madrid"]
[Source "lmi"]
[SourceDate "2022.11.21"]
[SourceVersion "1"]
[SourceVersionDate "2023.03.23"]
[SourceQuality "1"]
[WhiteTeam "Alcorcon Diagonal"]
[BlackTeam "Alcala de Henares"]
[WhiteTeamCountry "ESP"]
[BlackTeamCountry "ESP"]

1. e4 c5 2. Nc3 e6 3. Nf3 Nc6 4. d4 cxd4 5. Nxd4 Qc7 6. Be3 a6 7. Bd3 Nf6 8.
Qe2 Bb4 9. O-O Bxc3 10. bxc3 O-O 11. Bg5 Ne8 12. Nxc6 dxc6 13. e5 f6 14. exf6
Nxf6 15. Rab1 Bd7 16. Bh4 c5 17. Rfd1 b5 18. Bxf6 gxf6 19. Qg4+ Kf7 20. Bxh7
Ke7 21. h4 Rf7 22. Bg6 Rg7 23. h5 Rag8 24. f4 Kf8 25. Qh4 Rxg6 26. hxg6 Rxg6
27. Rd2 Kg7 28. Re1 Bc8 29. f5 Rh6 30. Qg4+ Kh8 31. fxe6 1-0

[Event "Madrid-chT 2223"]
[Site "Madrid"]
[Date "2023.02.19"]
[Round "10.2"]
[White "Medina Diaz, Rafael Alejandro"]
[Black "Ortega Ruiz, Jose Miguel"]
[Result "1/2-1/2"]
[WhiteElo "2248"]
[BlackElo "2351"]
[PlyCount "41"]
[EventDate "2022.11.20"]
[EventType "team-tourn"]
[EventRounds "14"]
[EventCountry "ESP"]
[SourceTitle "Ajedrez en Madrid"]
[Source "lmi"]
[SourceDate "2022.11.21"]
[SourceVersion "1"]
[SourceVersionDate "2023.03.23"]
[SourceQuality "1"]
[WhiteTeam "Alcala de Henares"]
[BlackTeam "Alcorcon Diagonal"]
[WhiteTeamCountry "ESP"]
[BlackTeamCountry "ESP"]

1. e4 e5 2. Nf3 Nc6 3. d4 exd4 4. Nxd4 Nf6 5. Nxc6 bxc6 6. e5 Qe7 7. Qe2 Nd5 8.
c4 Ba6 9. Nd2 g6 10. Nf3 Qb4+ 11. Kd1 Qa4+ 12. Qc2 Qxc2+ 13. Kxc2 Nb4+ 14. Kb1
c5 15. a3 Nc6 16. Bd3 Na5 17. Nd2 Rb8 18. Re1 Be7 19. Kc2 O-O 20. b3 Rb6 21. f4
1/2-1/2

[Event "Madrid-chT 2223"]
[Site "Madrid"]
[Date "2023.02.19"]
[Round "10.4"]
[White "Palenciano Escolar, Adrian"]
[Black "Horcajuelo Rocamora, Martin"]
[Result "1/2-1/2"]
[WhiteElo "2127"]
[BlackElo "2075"]
[PlyCount "133"]
[EventDate "2022.11.20"]
[EventType "team-tourn"]
[EventRounds "14"]
[EventCountry "ESP"]
[SourceTitle "Ajedrez en Madrid"]
[Source "lmi"]
[SourceDate "2022.11.21"]
[SourceVersion "1"]
[SourceVersionDate "2023.03.23"]
[SourceQuality "1"]
[WhiteTeam "Alcala de Henares"]
[BlackTeam "Alcorcon Diagonal"]
[WhiteTeamCountry "ESP"]
[BlackTeamCountry "ESP"]

1. d4 Nf6 2. Bg5 d5 3. Bxf6 gxf6 4. c4 dxc4 5. e3 c5 6. Bxc4 cxd4 7. Nc3 Nc6 8.
Qh5 e6 9. O-O-O Qa5 10. Qxa5 Nxa5 11. Bb5+ Bd7 12. Bxd7+ Kxd7 13. Nf3 Rd8 14.
Nxd4 Kc8 15. Ndb5 Rxd1+ 16. Rxd1 a6 17. Nd6+ Bxd6 18. Rxd6 f5 19. Kc2 Rg8 20.
g3 Nc6 21. Kd1 h5 22. h4 Kc7 23. Rd2 b5 24. Ne2 e5 25. Nc3 Rg6 26. Nd5+ Kb7 27.
Ne7 Nxe7 28. Rd7+ Kc6 29. Rxe7 f4 30. gxf4 exf4 31. Rxf7 fxe3 32. fxe3 Rg4 33.
Rf6+ Kb7 34. Rf4 Rg2 35. Kc1 Rh2 36. a3 Kc6 37. Kb1 Kd7 38. Rf6 Rxh4 39. Rxa6
Re4 40. Rh6 Rxe3 41. Rxh5 Kc6 42. Kc2 Rg3 43. Re5 Rh3 44. Kd2 Rb3 45. Kc2 Rh3
46. Re8 Rh2+ 47. Kc3 Rh3+ 48. Kd4 Rb3 49. Re2 Kd6 50. Rd2 Kc6 51. Ke4 Kc5 52.
Rc2+ Kb6 53. Kd4 Ka5 54. Kc5 Ka6 55. Rh2 Kb7 56. Rh7+ Ka6 57. Rh6+ Ka5 58. Rh8
Ka6 59. Kc6 Ka7 60. Rh2 Ka6 61. Rd2 Ka7 62. Kc7 Ka6 63. Kb8 b4 64. axb4 Rxb4+
65. Kc7 Kb5 66. Kd6 Kc4 67. Kc6 1/2-1/2

[Event "Madrid-chT 2223"]
[Site "Madrid"]
[Date "2023.02.19"]
[Round "10.5"]
[White "Aguilera Lopez, Alejandro"]
[Black "Yañez Rodriguez, Wilbert"]
[Result "1-0"]
[WhiteElo "2211"]
[BlackElo "2103"]
[PlyCount "49"]
[EventDate "2022.11.20"]
[EventType "team-tourn"]
[EventRounds "14"]
[EventCountry "ESP"]
[SourceTitle "Ajedrez en Madrid"]
[Source "lmi"]
[SourceDate "2022.11.21"]
[SourceVersion "1"]
[SourceVersionDate "2023.03.23"]
[SourceQuality "1"]
[WhiteTeam "Alcorcon Diagonal"]
[BlackTeam "Alcala de Henares"]
[WhiteTeamCountry "ESP"]
[BlackTeamCountry "ESP"]

1. Nf3 Nf6 2. b3 g6 3. Bb2 Bg7 4. g3 O-O 5. Bg2 c5 6. c4 Nc6 7. O-O d6 8. d4
cxd4 9. Nxd4 Bd7 10. Nc3 Qa5 11. e4 Rfc8 12. Nd5 Nxd5 13. exd5 Nxd4 14. Bxd4
Bxd4 15. Qxd4 Qc5 16. Qh4 Re8 17. Rfe1 f6 18. Re3 h5 19. Bf3 Kf7 20. Rae1 Qc8
21. Bxh5 Bf5 22. Bg4 g5 23. Qh5+ Kf8 24. Qh8+ Kf7 25. Bh5+ 1-0